Tous les champions de football anglais - Statistiques

Statistiques générales
  • Ce quiz a été pris 231 fois
  • Le résultat moyen est 13 sur 24
Statistiques - réponses
Teams Number of Titles % Correct
Liverpool 19
100%
Manchester United 20
100%
Manchester City 10
99%
Arsenal 13
97%
Chelsea
96%
Tottenham Hotspur
83%
Aston Villa 7
78%
Leicester City
76%
Nottingham Forest
73%
Newcastle United 4
70%
Everton 9
65%
Leeds United
52%
Sunderland 6
41%
Blackburn Rovers
39%
Wolverhampton Wanderers 3
39%
Sheffield United 1
25%
Burnley
24%
Derby County
19%
Portsmouth
19%
West Bromwich Albion
19%
Sheffield Wednesday
18%
Ipswich Town
17%
Preston North End 2
11%
Huddersfield Town
8%
Aucun quiz correspondant
Distribution des résultats
% des personnes avec chaque résultat
Percentile par nombre de réponses
Votre historique - résultats
Vous n’avez pas pris ce quiz